header

Language death (Record no. 41732)

MARC details
000 -LEADER
fixed length control field 01415nam a2200361Ia 4500
082 04 - DEWEY DECIMAL CLASSIFICATION NUMBER
Classification number 417/.7
100 1# - MAIN ENTRY--AUTHOR NAME
Personal name Crystal, David,
245 10 - TITLE STATEMENT
Title Language death
250 ## - EDITION STATEMENT
Edition statement Canto ed.
260 ## - PUBLICATION, DISTRIBUTION, ETC. (IMPRINT)
Place of publication Cambridge, UK ;
-- New York, NY :
Name of publisher Cambridge University Press,
Year of publication 2002.
300 ## - PHYSICAL DESCRIPTION
Number of Pages x, 198 p.
500 ## - GENERAL NOTE
General note First published: 2000.
505 0# - FORMATTED CONTENTS NOTE
Formatted contents note What is language death? -- Why should we care? -- Why do languages die? -- Where do we begin? -- What can be done?
650 #0 - SUBJECT ADDED ENTRY--TOPICAL TERM
Topical Term Language obsolescence.
Topical Term Extinct languages.
856 40 - ELECTRONIC LOCATION AND ACCESS
Uniform Resource Identifier http://site.ebrary.com/lib/rucke/Doc?id=10068593

No items available.

© 2026 Rongo University
Contact us: librarian | system librarian | Rongo university